| 000 | 00517nam a22001817a 4500 | ||
|---|---|---|---|
| 005 | 20251108172213.0 | ||
| 008 | 250721s9999 xx 000 0 ara d | ||
| 082 | 1 | 4 | _a636/مصط |
| 100 | 1 | _aحماده، مصطفى كمال عمر | |
| 245 | 1 | 0 | _aإنتاج اللبن و اللحم / |
| 264 | _bدار المطبوعات الجديدة، | ||
| 300 | _a251ص | ||
| 650 | 1 | 7 | _aالحيوانات الزراعية |
| 650 | 1 | 7 | _aالماشية |
| 650 | 1 | 7 | _aالألبان |
| 942 |
_2ddc _cBK |
||
| 999 |
_c73065 _d73065 |
||